Score 0/54 Timer 10:00
0 Plays Today
Hint Answer % Correct
EgyptCairo
90.9%
Guinea BissauBissau
90.9%
BotswanaGaborone
90.9%
Angola Luanda
90.9%
DRCKinshasa
90.9%
BeninPorto Novo
86.4%
LibyaTripoli
86.4%
EthiopiaAddis Ababa
86.4%
Chad N'Djamena
86.4%
EritreaAsmara
86.4%
GhanaAccra
86.4%
KenyaNairobi
86.4%
ComorosMoroni
81.8%
GabonLibreville
81.8%
CameroonYaounde
81.8%
DjiboutiDjibouti
81.8%
Burkina FasoOuagadougou
81.8%
AlgeriaAlgiers
81.8%
LiberiaMonrovia
81.8%
EswatiniMbabane
81.8%
Cape VerdePraia
81.8%
BurundiGitega
77.3%
LesothoMaseru
77.3%
MoroccoRabat
77.3%
MauritiusPort Louis
72.7%
MalawiLilongwe
72.7%
GuineaConakry
72.7%
Hint Answer % Correct
CARBangui
72.7%
MadagascarAntananarivo
72.7%
NigeriaAbuja
72.7%
Ivory Coast Yamoussoukro
72.7%
Republic of CongoBrazzaville
68.2%
SomaliaMogadishu
68.2%
Sao Tome and PrincipeSao Tome
68.2%
SeychellesVictoria
68.2%
Sierra Leone Freetown
68.2%
South SudanJuba
68.2%
SenegalDakar
68.2%
South Africa Pretoria
68.2%
NigerNiamey
68.2%
RwandaKigali
63.6%
MauritaniaNouakchott
63.6%
MozambiqueMaputo
63.6%
MaliBamako
63.6%
Equatorial GuineaMalabo
63.6%
ZimbabweHarare
63.6%
SudanKhartoum
63.6%
ZambiaLusaka
63.6%
TunisiaTunis
63.6%
NamibiaWindhoek
59.1%
UgandaKampala
59.1%
TanzaniaDodoma
54.5%
TogoLome
54.5%
The GambiaBanjul
50%
Come Together.
Have Fun.
All Virtual.
We all need to come together. Play Sporcle's virtual live trivia to have fun, connect with people, and get your trivia on. Join a live hosted trivia game for your favorite pub trivia experience done virtually. If a virtual private party is more your thing, go here for details.

You're not logged in!

Compare scores with friends on all Sporcle quizzes.
OR
Log In

Sporcle TV

Today on Sporcle TV


Watch our educational content, quiz creation guides, and fun videos on Sporcle TV.

Show Comments

Extras

Top Quizzes Today


Score Distribution

Paid Content

Your Account Isn't Verified!

In order to create a playlist on Sporcle, you need to verify the email address you used during registration. Go to your Sporcle Settings to finish the process.

Report this User

Report this user for behavior that violates our Community Guidelines.

Details: